Open Data Biblioteca Nacional de Portugal


República Portuguesa: Ministério da Cultura
Biblioteca Nacional de Portugal

Catálogo da BNP: acesso por Identificadores Unívocos
Registos Bibliográficos associados ao registo de autoridade

Etiqueta de registo: 00000nkm 2200025 450
001 2247084
003 http://id.bnportugal.gov.pt/bib/catbnp/2247084
100 ## $a20260114d1995 m y0pory01030103ba
101 0# $apor
102 ## $aPT
200 1# $aI Torneio Internacional da Páscoa, Trampolins, «Cidade de Vila do Conde», Pavilhão dos Desportos de Vila do Conde, 23 abril 95$bVisual gráfico]$fGinásio Clube Vilacondense
210 #9 $aVila do Conde$cGinásio Clube Vilacondense,$d1995$eVila do Conde:$gTip. Minerva)
215 ## $a1 cartaz$ccolor.$d43x27 cm
675 ## $a766(=1:469)»199"(084.5)$vBN$zpor$31975740
710 02 $aTorneio Internacional da Páscoa, Trampolins,$d1,$eVila do Conde,$f1995$31978153
711 02 $aGinásio Clube Vilacondense$31576435
712 01 $aVila do Conde,$bCâmara Municipal$320606
801 #0 $aPT$bBN$gRPC
966 ## $lBN$mICONOG$sCT. 11269 V.$x1
971 ## $cCatmusica8$d20260114
995 ## $aPRR2026 $d20260114$iCatmusica8

OpendataBNP@bnportugal.pt | Mais informação sobre acesso aos dados BNP